Antioxidačný potenciál glykozidických zlúčenín

Guardado en:
Detalles Bibliográficos
Autor principal: Černáková, Lucia (Autor)
Otros Autores: Martiniaková, Silvia (Orientador)
Formato: Manuscrito Libro
Lenguaje:eslovaco
Publicado: 2021
Materias:
Acceso en línea:http://is.stuba.sk/zp/portal_zp.pl?podrobnosti=157611
Etiquetas: Agregar Etiqueta
Sin Etiquetas, Sea el primero en etiquetar este registro!

MARC

LEADER 00000ntm a22000003a 4500
001 stuzp84984
003 SK-STU
005 20210605211130.3
007 ta
008 150427s2015----xo-----f-mn---000-0-slo-d
040 |a STU  |b slo 
041 0 |a slo 
100 1 |a Černáková, Lucia  |u 040250  |4 aut  |U FCHPT Ústav potravinárstva a výživy  |T FCHPT Oddelenie potravinárskej technológie  |X 86992  |U C0250  |Y 685  |7 86992 
242 0 1 |a Antioxidant potential of glycosidic compounds  |y eng 
245 1 0 |a Antioxidačný potenciál glykozidických zlúčenín 
260 |c 2021 
650 4 |a DPPH metóda  |2 slo 
650 4 |a antioxidant  |2 slo 
650 4 |a krocín  |2 slo 
650 4 |a O-glykozidy  |2 slo 
650 4 |a C-glykozidy  |2 slo 
650 4 |a crocin  |2 eng 
650 4 |a O-glycosides  |2 eng 
650 4 |a DPPH method  |2 eng 
650 4 |a C-glycosides  |2 eng 
650 4 |a antioxidant  |2 eng 
700 1 |a Martiniaková, Silvia  |u 040250  |k Z1  |4 ths  |U FCHPT Ústav potravinárstva a výživy  |T FCHPT Oddelenie potravinárskej technológie  |X 16670  |U C0250  |Y 685  |7 A000016670 
856 4 |u http://is.stuba.sk/zp/portal_zp.pl?podrobnosti=157611